युगद्रष्टा शिवाजी / (Record no. 214095)

MARC details
000 -LEADER
fixed length control field 00757nam a22001937a 4500
005 - DATE AND TIME OF LATEST TRANSACTION
control field 20260113151410.0
010 ## - LCCN (DPL NO)
LC control number HIN-130794
020 ## - INTERNATIONAL STANDARD BOOK NUMBER
International Standard Book Number 9789380048789
Terms of availability 550.00
035 ## - SYSTEM CONTROL NUMBER
System control number HN-103140
037 ## - SOURCE OF ACQUISITION
Source of stock number/acquisition DBAD
082 ## - DEWEY DECIMAL CLASSIFICATION NUMBER
Classification number
100 ## - MAIN ENTRY--PERSONAL NAME
Personal name सिंहल, शशिभूषण
245 ## - TITLE STATEMENT
Title युगद्रष्टा शिवाजी /
Statement of responsibility, etc शशिभूषण सिंहल
260 ## - PUBLICATION, DISTRIBUTION, ETC. (IMPRINT)
Place of publication, distribution, etc दिल्ली
Name of publisher, distributor, etc परमेश्वरी प्रकाशन
Date of publication, distribution, etc 2024
270 ## - ADDRESS
Address बी-109, प्रीत विहार,
City दिल्ली
Postal code 110092
300 ## - PHYSICAL DESCRIPTION
Extent 158पृ.
Dimensions 21सेमी (अजिल्द)
650 ## - SUBJECT ADDED ENTRY--TOPICAL TERM
Topical term or geographic name as entry element हिन्दी कथा साहित्य
942 ## - ADDED ENTRY ELEMENTS (KOHA)
Source of classification or shelving scheme Dewey Decimal Classification
Item type Hindi Books
Call number suffix सिंहल
Classification part
Holdings
Withdrawn status Lost status Not for loan Collection code Home library Current library Date acquired Source of acquisition Cost, normal purchase price Full call number Barcode Copy number Cost, replacement price Koha item type
      Non-fiction Bawana Bawana 13/01/2026 DBAD 550.00 सिंहल उ HN-103140 1 550.00 Hindi Books

© Delhi Public Library
Hit Counter
free hit counter